| 000 | 00510nam a2200169 i 4500 | ||
|---|---|---|---|
| 001 | 6790 | ||
| 003 | ES-MaACL | ||
| 005 | 20230906145108.0 | ||
| 008 | 900531s1989 sp ||||1| spa d | ||
| 020 | _a84-7232-498-2 | ||
| 080 | _a86.0(861)-14"19" | ||
| 100 | 1 |
_aCharry Lara, Fernando. _938136 |
|
| 245 | 1 | 0 |
_aLlama de amor viva / _cFernando Charry Lara. |
| 260 |
_aMadrid : _bCultura Hispánica, _c1989. |
||
| 300 |
_a116 p. ; _c20 cm. |
||
| 852 |
_aES-MaACL _jL-14006 _z- Dedicatoria autógrafa del autor |
||
| 999 |
_c6790 _d6790 |
||